| 000 | 00804nam a22002171c 4500 | ||
|---|---|---|---|
| 001 | 655885838 | ||
| 008 | 161116s2011 gw a||| 000u ger d | ||
| 020 |
_a9783942411370 _9978-3-942411-37-0 |
||
| 041 | _ager | ||
| 100 | 1 | _aFriedreich, Sönke | |
| 245 | 0 | 0 |
_aUrlaub und Reisen während der DDR-Zeit : _bzwischen staatlicher Begrenzung und individueller Selbstverwirklichung / _cSönke Friedreich |
| 264 |
_aDresden : _bThelem, _c2011 |
||
| 300 | _a154 S. : Ill., Kt. | ||
| 650 | 0 | _aUrlaubsreise | |
| 650 | 0 | _aErlebnis | |
| 856 | 4 | _uhttp://www.tudpress.de/ThelemXTC2013/images/content/rez/DDR-Urlaub_1310_Bayerisches%20Jahrbuch_P%C3%B6ttler.pdf | |
| 942 | _cMG | ||
| 040 | _cRU-10907106 | ||
| 003 | RU-10907106 | ||
| 999 |
_c39977 _d39977 |
||
| 490 | 0 |
_aBausteine aus dem Institut für Sächsische Geschichte und Volkskunde _v22 |
|